Normal view
MARC view
- Cognition and culture
Entry Topical Term
001 - CONTROL NUMBER
- control field: 89922
003 - CONTROL NUMBER IDENTIFIER
- control field: NUST
005 - DATE AND TIME OF LATEST TRANSACTION
- control field: 20220301093405.0
008 - FIXED-LENGTH DATA ELEMENTS
- fixed length control field: 220301|| aca||aabn | a|a d
040 ## - CATALOGING SOURCE
- Original cataloging agency: NUST
- Transcribing agency: NUST
150 ## - HEADING--TOPICAL TERM
- Topical term or geographic name entry element: Cognition and culture
670 ## - SOURCE DATA FOUND
- Source citation: Work cat.: (NUST)0: Ross, Norbert (Norbert O.) 89921, Culture & cognition :, c2004.
